000 00499nam a2200169Ia 4500
999 _c28523
_d28523
003 OSt
005 20201110145329.0
008 190216s9999||||xx |||||||||||||| ||und||
040 _coclc
082 _a894.8123
_bCHA/N
100 _aChampakkara, Prasannan
_96412
245 0 _aNoorumeni /
_cPrasannan Champakkara
260 _bJanapriya Pusthakaprasadhanasala,
_aKottayam:
_c2005.
300 _a102p
650 _aNovel
942 _cBK
_2ddc
_h894.8123
_iCHA/N
_k894.8123
_mCHA/N